00495 2200193 4500001002100000005001500021008004100036020001800077035001900095041000700114082000800121090001400129100003000143245004100173260003300214300003300247500000600280650001500286INLIS00000000000226820241224112515241224||||||||| | ||| |||| || |  a979-757-094-0 0010-1224002268 aid0 a530 a530 TIM m0 aTim Redaksi Kawan Pustaka00aMudah Menguasai Fisika (SMP Kelas 2) aJakartabKawan Pustakac2006 aviii, 119 hlm.; ilus.: 24 cm a1 0aIlmu Murni